1163 1289 1095 1792 1674 1008 1880 1418 1887 1119 1592 1987 1901 1989 1298 1826 1913 1737 1980 1991 1664 1299 1050 1516 1329 1391 1677 1203 1899 1804 1271 1657 1743 1192 1923 1375 1181 1129 1392 1168 1281 1641 1938 1536 1036 1031 1969 1492 1082 1434 1867 1592 1484 1279 1368 1597 1005 1607 1082 1779 1482 1427 1499 1162 1604 1587 1405 1518 1901 1765 1243 1918 1600 1192 1667 1801 1781 1600 1146 1861 1358 1220 1627 1652 1535 1797 1779 1027 1238 1060 1190 1055 1088 1250 1417 1985 1559 1538 1943 BCNSPRNW ULIB Ver.6.0+V

เปลี่ยนเป็นภาษาไทย

Change to English
 แสดงรายละเอียดบรรณานุกรม
  กลับหน้าหลัก

Brief Record : Get Marc (ISO 2709) : E-mail record : QR code < ปิดหน้าต่าง
LEADER : 00000nam 2200000uu 4500
001    13399113465
003     ULIB
008    111121s2553||||th 000 0 tha d
020    ^a9786167190464
090    ^aนว.^bร165บ 2553
100 0  ^aรวีปรียา
245 00 ^aบ่วงพิศวาส/^cรวิปรียา
250    ^aพิมพ์ครั้งที่ 1
260    ^aกรุงเทพฯ :^bอินเลิฟ,^c2553
300    ^a218 หน้า
710 1  ^aอินเลิฟ
945    ^p129^l0^i17072
995    ^aกัณชพร
999    ^aใช้งานได้ทุกระบบ
รายการนี้ยังไม่มีแท็ก
คุณยังไม่ได้ล็อกอิน คุณสามารถมีกิจกรรมร่วมกับเว็บไซต์ได้ แต่ต้องล็อกอินก่อน ::
  ล็อกอิน

รายการสื่อสารสนเทศ

ลำดับที่ ประเภท เลขเรียก/บาร์โค้ด สถานที่ สถานะ
1. นวนิยาย
นวนิยาย
นว. ร165บ 2553  
  Barcode: 17072
ห้องสมุดวิทยาเขตสวรรค์ประชารักษ์
►นวนิยาย
บนชั้น
  ขอยืม

BibComment


ยังไม่เคยถูกคอมเมนท์

คอมเมนท์ทรัพยากรรายการนี้
  คอมเมนท์: บ่วงพิศวาส รวิปร..


 Copyright 2026. Bcnsprnw @Library